| 000 | 01376nam a2200253 i 4500 | ||
|---|---|---|---|
| 005 | 20260322212005.0 | ||
| 008 | data | ||
| 010 | _a 74019002 | ||
| 020 |
_a051751687X : _c{dollar}22.50 |
||
| 020 |
_a9780517516874 : _c{dollar}22.50 |
||
| 040 |
_aDLC _cDLC _dDLC |
||
| 050 | 0 | 0 |
_aQH46 _b.L54 1974 |
| 082 | 0 | 0 | _a500.9/0222 |
| 092 | _a500.9 L54 1974 | ||
| 245 | 0 | 0 |
_aThis good Earth : _bthe view from Audubon magazine / _cedited by Les Line. |
| 260 |
_aNew York : _bCrown Publishers, _c[1974] |
||
| 300 |
_a256 p. : _bcol. ill. ; _c32 cm. |
||
| 500 | _a"A George Hornby book." | ||
| 505 | 0 | _aMoore, R. The record in the rocks.--Leveson, D. Lava is life.--Krutch, J. W. Of wind and coral sand.--McKinley, D. Lichens: mirror to the universe.--Line, L. Tortoiseland of Alcedo.--Matthiessen, P. Kipahulu: cinders to sea.--Leveson, D. Rocks of Lobos.--Line, L. Life in a cold ocean.--Porter, E. Birds of Summer Island.--Graham, Jr., F. The jury is still out.--Borland, H. Poetry in the fields.--Madson, J. The running country.--Foster, S. Chaparral.--Layne, E. N. The view from the mountain.--Morgan, J. K. Bighorn profile.--Beyond the circle.--Russell, F. The winter marsh.--Cavagnaro, D. Ice shall reign.--Peterson, R. T. Postscript: the evolution of a magazine. | |
| 650 | 0 |
_aNatural history _xPictorial works. |
|
| 700 | 1 | _aLine, Les. | |
| 730 | _aAudubon magazine. | ||
| 001 | data | ||
| 999 |
_c80 _d80 |
||